Q & A Review for the nelex-pn Examination (Record no. 2661)

MARC details
000 -LEADER
fixed length control field 00418nam a22001577a 4500
008 - FIXED-LENGTH DATA ELEMENTS--GENERAL INFORMATION
fixed length control field 250325b |||||||| |||| 00| 0 eng d
020 ## - INTERNATIONAL STANDARD BOOK NUMBER
ISBN 9780323795340
100 ## - MAIN ENTRY--AUTHOR
Author Silvester Onne Linda
245 ## - TITLE STATEMENT
Title Q & A Review for the nelex-pn Examination
250 ## - EDITION STATEMENT
Edition statement 6th
260 ## - PUBLICATION, DISTRIBUTION, ETC. (IMPRINT)
Place of publication Missouri
Name of publisher Elsevier
Date of publication 2023
300 ## - COLLATION
Pagination xv,647p
650 ## - TRACINGS
Main Subject Practical Nursing Examination Questions
942 ## - ADDED ENTRY ELEMENTS (KOHA)
Item type Books
050 ## - LIBRARY OF CONGRESS CALL NUMBER
Classification number RT62
Item number .S55
Holdings
Source of classification or shelving scheme Not for loan Permanent location Current location Date acquired Accession No. Full call number Barcode. Koha item type
Library of Congress Classification   Medical Library Medical Library 03/25/2025 2024/64274 RT 62. S55 2025-0955 Books